| 000 | 00542nam a2200193Ia 4500 | ||
|---|---|---|---|
| 003 | OSt | ||
| 005 | 20230531105102.0 | ||
| 008 | 210423s1991 xx 000 0 und d | ||
| 040 | _cAL | ||
| 041 | _aeng | ||
| 082 |
_a361.1 _223 _b GOVB |
||
| 245 | _aBlfore the cauvery water disputes tribuual | ||
| 260 |
_aIndia _bOxford University Press _c1991 |
||
| 300 |
_av,13 _bPB |
||
| 650 |
_aSocial Problems _9117620 |
||
| 650 |
_aSocial Problems & Services _9117621 |
||
| 906 | _aBlfore ; cauvery ; disputes ; tribuual ; water | ||
| 942 |
_2ddc _cBK |
||
| 999 |
_c174594 _d174594 |
||